The Physics of Atoms and Quanta: introduction to experiments and theory (Record no. 7085)

MARC details
000 -LEADER
fixed length control field 00636nam a22002297a 4500
003 - CONTROL NUMBER IDENTIFIER
control field OSt
005 - DATE AND TIME OF LATEST TRANSACTION
control field 20240426170143.0
008 - FIXED-LENGTH DATA ELEMENTS--GENERAL INFORMATION
fixed length control field 210902b ||||| |||| 00| 0 eng d
020 ## - INTERNATIONAL STANDARD BOOK NUMBER
International Standard Book Number 3540208070
040 ## - CATALOGING SOURCE
Transcribing agency DDC
082 ## - DEWEY DECIMAL CLASSIFICATION NUMBER
Classification number 539.7 HAK 2004
100 ## - MAIN ENTRY--PERSONAL NAME
Personal name Haken, Hreman; Wolf, Han C.
9 (RLIN) 14585
245 ## - TITLE STATEMENT
Title The Physics of Atoms and Quanta: introduction to experiments and theory
250 ## - EDITION STATEMENT
Edition statement 7th ed.
260 ## - PUBLICATION, DISTRIBUTION, ETC. (IMPRINT)
Place of publication, distribution, etc. New York;
Name of publisher, distributor, etc. Springer
Date of publication, distribution, etc. 2004
300 ## - PHYSICAL DESCRIPTION
Extent xx,517p;
Other physical details ill
Dimensions 25cm
504 ## - BIBLIOGRAPHY, ETC. NOTE
Bibliography, etc Includes; Bibliography, & index
650 ## - SUBJECT ADDED ENTRY--TOPICAL TERM
Topical term or geographic name as entry element Physics
9 (RLIN) 809
650 ## - SUBJECT ADDED ENTRY--TOPICAL TERM
Topical term or geographic name as entry element Atoms
9 (RLIN) 11326
650 ## - SUBJECT ADDED ENTRY--TOPICAL TERM
Topical term or geographic name as entry element Quanta
9 (RLIN) 16976
942 ## - ADDED ENTRY ELEMENTS (KOHA)
Source of classification or shelving scheme Dewey Decimal Classification
Koha item type Open Shelf
Holdings
Withdrawn status Lost status Source of classification or shelving scheme Damaged status Not for loan Home library Current library Date acquired Source of acquisition Inventory number Total Checkouts Full call number Barcode Date last seen Koha item type
    Dewey Decimal Classification     MUST Main Library MUST Main Library 26/04/2024 Purchase 08/30068   539.7 HAK 2004 2024-0172 26/04/2024 Open Shelf
    Dewey Decimal Classification     MUST Main Library MUST Main Library 26/04/2024 Purchase 08/30069   539.7 HAK 2004 2024-0173 26/04/2024 Open Shelf